000
00285nam a2200133Ia 4500
008
230503s9999 xx 000 0 und d
082
_a
598
_b
NPCO
100
_a
NPCIL
245
0
_a
Our Flying guests
260
_a
Mumbai
_b
NPCIL
_c
2010
300
_a
235
650
_a
birds
942
_c
BK
999
_c
2351
_d
2351